Sour taste for PRICOA fund's tenants (Record no. 64531)

MARC details
000 -LEADER
fixed length control field 00821cam a2200217 4500
001 - CONTROL NUMBER
control field ABS62785
008 - FIXED-LENGTH DATA ELEMENTS--GENERAL INFORMATION
fixed length control field 000000n2000 000 0 eng u
035 ## - SYSTEM CONTROL NUMBER
System control number (Sirsi) u108014
100 ## - MAIN ENTRY--PERSONAL NAME
Personal name Nelson, R.
245 ## - TITLE STATEMENT
Title Sour taste for PRICOA fund's tenants
260 ## - PUBLICATION, DISTRIBUTION, ETC.
Date of publication, distribution, etc. 2000
490 ## - SERIES STATEMENT
Series statement Property Week
Volume/sequential designation 65(32) 18 August 2000, 8-10(3)
520 ## - SUMMARY, ETC.
Summary, etc. Reports on the high service charges demanded by Edward Symmons & Partners at a Wiltshire business park, six months before the recent allegations of corruption surfaced. In some cases, tenants received demands for a 45% increase in service charges.
590 ## - LOCAL NOTE (RLIN)
Local note ABS
650 ## - SUBJECT ADDED ENTRY--TOPICAL TERM
Topical term or geographic name entry element CORRUPTION
650 ## - SUBJECT ADDED ENTRY--TOPICAL TERM
Topical term or geographic name entry element SERVICES CHARGES
650 ## - SUBJECT ADDED ENTRY--TOPICAL TERM
Topical term or geographic name entry element EDWARD SYMMONS AND PARTNERS
650 ## - SUBJECT ADDED ENTRY--TOPICAL TERM
Topical term or geographic name entry element FRAUD
690 ## - LOCAL SUBJECT ADDED ENTRY--TOPICAL TERM (OCLC, RLIN)
Topical term or geographic name as entry element MANAGEMENT-BUSINESS MANAGEMENT-PROFESSIONAL PRACTICE
942 ## - ADDED ENTRY ELEMENTS (KOHA)
Suppress in OPAC 0
Holdings
Withdrawn status Lost status Source of classification or shelving scheme Damaged status Not for loan Home library Current library Shelving location Date acquired Total Checkouts Full call number Barcode Date last seen Copy number Price effective from Koha item type
    Dewey Decimal Classification     London London Journal article 29/08/2000   ABS62785 108014-1001 06/08/2019 1 06/08/2019 Journal article